| 000 | 00553nam a2200217Ia 4500 | ||
|---|---|---|---|
| 008 | 170918s9999 xx 000 0 und d | ||
| 020 | _a9780439792363 | ||
| 050 | _bB468 1996 | ||
| 100 | _aBenjamin, Anne | ||
| 245 | _aYoung Rosa Park : | ||
| 245 | _bcivil rights heroine / | ||
| 245 | _cAnne Benjamin ; illustrated by Ellen Beier. | ||
| 260 | _aNew York : | ||
| 260 | _bScholastic, | ||
| 260 | _c1996 | ||
| 300 | _a31 pages : | ||
| 300 | _bcolored illustration ; | ||
| 300 | _c23cm. | ||
| 440 | _aFirst-start biography. | ||
| 500 | _a630 | ||
| 999 |
_c341759 _d341759 |
||